Normal view
MARC view
Entry Nombre personal
001 - NÚMERO DE CONTROL
- campo de control: 30137
003 - IDENTIFICADOR DEL NÚMERO DE CONTROL
- campo de control: FranzMayer
005 - FECHA Y HORA DE LA ÚLTIMA TRANSACCIÓN
- campo de control: 20260326114441.0
008 - DATOS DE LONGITUD FIJA
- campo de control de longitud fija: 260326|| aca||aabn | a|a d
040 ## - FUENTE DE LA CATALOGACIÓN
- Centro catalogador/agencia de origen: FranzMayer
- Centro/agencia transcriptor: FranzMayer
100 ## - ENCABEZAMIENTO-NOMBRE DE PERSONA
- Nombre de persona: Pérez de Soto, Antonio
- Fechas asociadas al nombre: (activo aproximadamente 1743-1780)
670 ## - FUENTE DE DATOS ENCONTRADOS
- Cita de la fuente: Work cat.: (FranzMayer)11107: Collegium Pharmaceuticum Matritense 30128, Pharmacopedia matritensis regii, ac supremi hispaniarum protomedicatus autoritate, juffu atque auspiciis elaborata, 1772